000
00235nam a22000857a 4500
008
161227b xxu||||| |||| 00| 0 eng d
100
_9
2169
_a
Bruylants.S.J
245
_a
Discovering My self -5
260
_a
New Delhi
_b
Childrens Book Trust
_c
2011
999
_c
5058
_d
5058